000 00270nam a2200109Ia 4500
008 200302s9999 xx 000 0 und d
100 _aNick Dunn
245 _aArchitectural model making 2nd ed
260 _bLaurence King Publishing Ltd.,
260 _c2014
300 _a216
999 _c6917
_d6917